000 01161nam a2200325 a 4500
001 ebr10005854
003 CaPaEBR
006 m u
007 cr cn|||||||||
008 020304s2001 enk sb 000 0beng
015 _aGBA1-X9883
016 7 _a1903047544
_2Uk
020 _z1903047544(pbk.)
040 _aCaPaEBR
_cCaPaEBR
035 _a(OCoLC)70763524
050 1 4 _aBF109.F74
_bR46 2001eb
082 0 4 _a150.1952092
_221
100 1 _aRennison, Nick.
245 1 0 _aFreud & psychoanalysis
_h[electronic resource] /
_cNick Rennison.
260 _aHarpenden :
_bPocket Essentials,
_c2001.
300 _a96 p.
490 0 _aThe pocket essential
504 _aIncludes bibliographical references.
533 _aElectronic reproduction.
_bPalo Alto, Calif. :
_cebrary,
_d2013.
_nAvailable via World Wide Web.
_nAccess may be limited to ebrary affiliated libraries.
600 1 0 _aFreud, Sigmund,
_d1856-1939.
650 0 _aPsychoanalysis.
655 7 _aElectronic books.
_2local
710 2 _aebrary, Inc.
856 4 0 _uhttp://site.ebrary.com/lib/rucke/Doc?id=10005854
_zAn electronic book accessible through the World Wide Web; click to view
999 _c3719
_d3719